|
|
|
|
| LEADER |
00000nab a2200000 a 4500 |
| 001 |
vtls008182753 |
| 003 |
SK-MaSNL |
| 005 |
20260303163859.0 |
| 008 |
050706c20050701xo ur| 0 0slo |
| 015 |
|
|
|a SNBRB2005/07
|
| 040 |
|
|
|a RVGKPD
|b slo
|c RVGKPD
|e AACR2
|
| 041 |
0 |
|
|a slo
|
| 044 |
|
|
|a xo
|c SK
|
| 080 |
|
|
|a 614.841
|2 UDC-MRF-SK2
|
| 245 |
0 |
0 |
|a Požiar v Tatrách zahasili, môže prísť ďalší
|c [autor] (dt, ič)
|
| 300 |
|
|
|b Fotogr., mp.
|
| 650 |
0 |
7 |
|a požiare
|2 rvgkpd
|9 1504
|
| 651 |
|
7 |
|a Tatranský národný park (Slovensko)
|2 rvgkpd
|9 106968
|
| 651 |
|
7 |
|a Poprad (Slovensko : okres)
|2 rvgkpd
|9 28675
|
| 773 |
0 |
|
|t Pravda
|g Roč. XV, č. 152 (1.7.2005), s. 3
|x 1335-4051
|
| 852 |
|
|
|a RVGKPD
|b KIS3GCP
|
| 992 |
|
|
|a RBX
|
| 999 |
|
|
|c 2061913
|d 2063843
|